| 000 | 00459nam a2200169Ia 4500 | ||
|---|---|---|---|
| 999 |
_c36925 _d36925 |
||
| 003 | OSt | ||
| 005 | 20210123123455.0 | ||
| 008 | 190216s9999||||xx |||||||||||||| ||und|| | ||
| 040 | _coclc | ||
| 082 |
_a001.076 _bSIN/U |
||
| 100 |
_aSingh, P _98402 |
||
| 245 | 0 |
_aUnique C D S / _cP Singh |
|
| 260 |
_bUnique Publishers, _c2008. _aDelhi: |
||
| 300 | _a980p | ||
| 650 | _aReferences | ||
| 942 |
_cREF _2ddc _h001.076 _iSIN/U _k001.076 _mSIN/U |
||